000 00416nam a2200157Ia 4500
005 20250401120230.0
008 231217s9999 xx 000 0 und d
020 _a9788131405406
082 _a658.87 LAH;1 R
100 _aLahiri, Keka ed.
245 0 _aFast food retailing : emerging trends
260 _c2006
_bT M H
_aNew Delhi
300 _axiii, 195
650 _aFast,food,retailing,trends
942 _cAA
999 _c189503
_d189503